Forest dynamics and the importance of place in western Honduras (Registro nro. 13653)

Detalles MARC
000 -CABECERA
Campo de control 005730000a22001930004500
090 ## - CLASIFICACIÓN LOCAL
Colección AR
Consecutivo 04553
041 0# - IDIOMA
Código de idioma para texto/pista de sonido o título separado
100 1# - ASIENTO PRINCIPAL--NOMBRE PERSONAL
Nombre personal Redo, Danny
245 10 - MENCION DE TITULO
Título Forest dynamics and the importance of place in western Honduras
650 14 - ASIENTO SECUNDARIO DE MATERIA - TERMINO TEMATICO
Término temático o nombre geográfico como elemento de entrada Bosques
650 14 - ASIENTO SECUNDARIO DE MATERIA - TERMINO TEMATICO
Término temático o nombre geográfico como elemento de entrada Sensores remotos
650 14 - ASIENTO SECUNDARIO DE MATERIA - TERMINO TEMATICO
Término temático o nombre geográfico como elemento de entrada Deforestación
651 #4 - ASIENTO SECUNDARIO DE MATERIA - NOMBRE GEOGRAFICO
-- Honduras
-- Intibuca
651 #4 - ASIENTO SECUNDARIO DE MATERIA - NOMBRE GEOGRAFICO
-- Honduras
-- La Paz
700 1# - ASIENTO SECUNDARIO - NOMBRE PERSONAL
Nombre personal Bass, J.O. Joby
700 1# - ASIENTO SECUNDARIO - NOMBRE PERSONAL
Nombre personal Millington, Andrew C.
773 1# - Item fuente:
Título Applied geography
Paginas del Articulo 91-110
Lugar, editorial y fecha de publicación 2009
Información sobre la relación 29
942 ## - ELEMENTOS ADICIONALES (KOHA)
Tipo de ítem Artículo
Koha issues (borrowed), all copies 1
Existencias
Withdrawn status Lost status Damaged status No para préstamo Colección Ubicación Permanente Ubicación actual Fecha de adquisición Fuente de Valor Datos de publicación Seriada Total Checkouts Número topográfico Inventario / Código de Barras Date last seen Date checked out Ejemplar Price effective from Forma de adquisición Tipo de material
      No para Préstamo Hemeroteca Bogotá Bogotá 20/11/2009 PUJ Fuera de circulación 1 AR 04553 027778 21/05/2015 15/05/2015 1 25/03/2015   Artículo